01763nam a2200289 a 4500001001000000005001700010008004100027041000800068044000700076084002000083100004500103245009500148250000600243260003400249300004000283500051500323500007600838500022400914500003901138500000901177650005201186650005601238650003401294650004501328700005001373740005001423BRCA_243020190320203815.0141108s1787----sp-a---###---#000-0dspa-u aspa asp a072b.I24c17871 aCervantes Saavedra, Miguel ded1547-161610aEl Ingenioso Hidalgo Don Quixote de la Manchaccompuesto por Miguel de Cervantes Saavedra. a3 aMadridbViuda de Ibarrac1787 a6 v.bil.c17 cm.eun mapa plegable aContenido : v 1. Primera parte. Prólogo de la Real Academia Española. Retrato de Cervantes. Análisis y plan cronológico del Quixote. Pruebas del documento por V. de los Ríos. Principios de la edición príncipe. Dedicatoria. Prólogo del autor. Versos preliminares. Mapa de una parte de España por donde anduvo D. Quijote y Variantes. -- v 2. Texto. -- v 3. Texto. -- v 4. Segunda parte. Principios de la edición príncipe. Dedicatoria. Prólogo del autor. Texto. -- v 5. Texto -- v 6. Texto aEdición : Tercera edición corregida por la Real Academia Española aTercera edición de la Academia. Ajustada a la segunda de 1782 sin más diferencias que haberse distribuido en 6 tomos. Las mismas láminas, pero borrosas. Piel; lomeras adornadas con filetes dorados Lúdovik Osterc aCon ex-libris de : Charles Porcher aQM5814aNovela españolayÉpoca clásica, 1500-170014aLiteratura españolayÉpoca clásica, 1500-170014aNovela españolaySiglo XVII14aDon Quijote (Personaje ficticio)eNovela1 aRíos, Vicente de losd1732-1779eBiógrafo0 aEl Ingenioso Hidalgo Don Quijote de la Mancha